000 00282nam a22001337a 4500
003 SGT
082 _a370
_bV11V
100 _aVANAJA, M.
245 _aVALUE ORIENTED EDUCATION
260 _aNEW DELHI
_bNEELKAMAL PUB
_c2011
300 _a368
650 _aEDUCATION
942 _2ddc
_cBK
999 _c12404
_d12404